Gemeinden von Feldkirchen - Statistiken

Allgemein
  • Dieses Quiz wurde 190 mal gespielt
  • Das Durchschnittsergebnis liegt bei 6 aus 10
Antwortstatistiken
Einwohner Gemeinde % Korrekt
14.307 Feldkirchen in Kärnten
100%
783 Ossiach
74%
2.295 Himmelberg
62%
3.730 Steindorf am Ossiacher See
62%
1.832 Glanegg
57%
1.540 St. Urban
52%
1.624 Steuerberg
49%
1.030 Gnesau
48%
1.808 Reichenau
44%
988 Albeck
39%
Keine übereinstimmenden Quizze gefunden
Verteilung der Resultate
Anzahl Personen mit jedem Resultat
Perzentil nach korrekt beantworteten Fragen
Ihre Resultats-Entwicklung
Sie haben dieses Quiz noch nicht gespielt